000 00569nam a2200229Ia 4500
003 OSt
005 20220918200901.0
006 a|||||r|||| 00| 0
007 ta
008 220917b |||||||| |||| 00| 0 eng d
024 _a90,687
037 _cTextual
040 _aARTS
_cARTS
_beng
041 _2eng
_aeng
082 _aVv, L5
100 _aMomigliano Arnoldo
_995917
245 0 _aEssays in ancient and modern historiography
260 _c1975
650 _aHISTORY
942 _hVv, L5
_cTEXL
_2CC
999 _c214348
_d214348